000 00264nam a2200097Ia 4500
008 230907s9999||||xx |||||||||||||| ||und||
082 _a621.3822
_bSON
245 0 _aDigital signal processing in power electronics control circuits /
300 _a340 p.
942 _cBK
999 _c600033
_d600033